| 000 | 00484cam a22001457a 4500 | ||
|---|---|---|---|
| 008 | 180718b1963 xxu||||| |||| 00| 0 eng d | ||
| 082 | _aAPPPA 1963/12 | ||
| 100 | _aChopra, Joginder Parkash | ||
| 245 |
_aOrganisation and workers of the Delhi stock exchange association limited _cby Joginder Parkash Chopra |
||
| 260 |
_aNew Delhi _bIndian Institute of Public Administration _c1963 |
||
| 300 | _a111p. | ||
| 650 | _aDelhi stock exchange | ||
| 650 | _aWorkers | ||
| 650 | _aOrganisation | ||
| 999 |
_c501208 _d501208 |
||